'A' Literature Quiz Stats

Quiz Updated Jul 1, 2012

Challenge
Share
Tweet
Embed
Score 0/20 Timer 05:00
5 Plays Today
Question Answer % Correct
Which Greek writer is best known for his collection of fables?Aesop
91.6%
Which 1865 novel features a tea party with a hare and a dormouse?Alice's Adventures in Wonderland
91.5%
Who was captain of the Pequod in Herman Melville's 'Moby-Dick?'Captain Ahab
81.1%
Which George Orwell novel of 1945 is subtitled 'A Fairy Story?'Animal Farm
75.2%
Which fictional prison for wizards is guarded by beings called Dementors?Azkaban
74.6%
What was the name of the lion in C.S. Lewis' 'Narnia' series?Aslan
69.8%
In which 1873 novel did Phileas Fogg undertake an epic journey as the result of a bet?Around the World in Eighty Days
64.7%
Which Pennsylvanian-born author wrote about the sisters Jo, Meg, Beth, and Amy March?Louisa May Alcott
61.6%
Which Danish author is known for his children's stories 'The Ugly Duckling' and 'The Little Mermaid?'Hans Christian Andersen
61.1%
Which author's novels 'Persuasion' and 'Northanger Abbey' were published posthumously in 1818?Jane Austen
56.7%
Question Answer % Correct
Which science fiction author created the three laws of robotics?Isaac Asimov
49.9%
Aside from Athos and Porthos, who was the third musketeer?Aramis
48.9%
In 'Oliver Twist,' by what name is Jack Dawkins better known?The Artful Dodger
45.6%
Which epic poem, written by Virgil, tells the story of a Trojan who became ancestor of the Romans?Aeneid
45.5%
Which author created the characters Ford Prefect and Zaphod Beeblebrox?Douglas Adams
39.8%
Which Shakespeare play features the 'All the world's a stage' monologue, comparing life to a play?As You Like It
36.6%
Which 20th century poet's first names were Wystan Hugh?W.H. Auden
29.1%
Which Nigerian novelist is best known for his 1958 work 'Things Fall Apart?'Chinua Achebe
27.4%
Which Anne Brontë novel is based upon her experiences as a governess?Agnes Grey
10.9%
In which fictional city would you find the Unseen University?Ankh-Morpork
9.6%

You're not logged in!

Compare scores with friends on all Sporcle quizzes.
Sign Up with Email
OR
Log In

You Might Also Like...

Show Comments

Extras

Top Quizzes Today


Score Distribution

Your Account Isn't Verified!

In order to create a playlist on Sporcle, you need to verify the email address you used during registration. Go to your Sporcle Settings to finish the process.